<?xml version="1.0" encoding="UTF-8"?>
<marc:record xmlns:marc="http://www.loc.gov/MARC21/slim">
   <marc:leader>00000nam a2200000 a 4500</marc:leader>
   <marc:datafield ind1="1" ind2=" " tag="100">
      <marc:subfield code="a">Schacht, Andrea</marc:subfield>
      <marc:subfield code="4">aut</marc:subfield>
      <marc:subfield code="e">Verfasser/-in</marc:subfield>
   </marc:datafield>
   <marc:datafield ind1="0" ind2="0" tag="245">
      <marc:subfield code="a">Die Lauscherin im Beichtstuhl</marc:subfield>
   </marc:datafield>
   <marc:datafield ind1="0" ind2="0" tag="245">
      <marc:subfield code="b">Eine Klosterkatze ermittelt</marc:subfield>
   </marc:datafield>
   <marc:datafield ind1="0" ind2="0" tag="245">
      <marc:subfield code="c">Andrea Schacht</marc:subfield>
   </marc:datafield>
   <marc:datafield ind1=" " ind2="1" tag="264">
      <marc:subfield code="a">Stuttgart</marc:subfield>
      <marc:subfield code="b">Blanvalet</marc:subfield>
      <marc:subfield code="c">2006</marc:subfield>
   </marc:datafield>
   <marc:datafield ind1="1" ind2=" " tag="520">
      <marc:subfield code="a">Kloster Knechtsteden, im Jahr des Herrn 1502. Mirza, die dreifarbige Klosterkatze, kennt sämtliche Schleichwege zu Beichtstühlen, Zellen und Kellergewölben. Als eines Tages Gewalt und Verderben in die friedliche Welt des Klosters einbrechen und es sogar zu einem Mordversuch kommt, kann die schlaue Ermittlerin auf Samtpfoten - unterstützt von "ihrem" Bibliothekar Pater Melvinius - die Quelle des Bösen aufdecken und altes Unrecht wieder gut machen ...</marc:subfield>
   </marc:datafield>
   <marc:datafield ind1=" " ind2=" " tag="300">
      <marc:subfield code="a">477 S.</marc:subfield>
   </marc:datafield>
</marc:record>
